Principles of Structural Design / (Record no. 36660)

MARC details
000 -LEADER
fixed length control field 00435nam a22001817a 4500
005 - DATE AND TIME OF LATEST TRANSACTION
control field 20241008102535.0
008 - FIXED-LENGTH DATA ELEMENTS--GENERAL INFORMATION
fixed length control field 241008b |||||||| |||| 00| 0 eng d
020 ## - INTERNATIONAL STANDARD BOOK NUMBER
ISBN 9781138493537
082 ## - DEWEY DECIMAL CLASSIFICATION NUMBER
Classification number 624.177
Item number GUP-P
100 ## - MAIN ENTRY--AUTHOR
Author Name Gupta Ram S.
245 ## - TITLE STATEMENT
Title Principles of Structural Design /
250 ## - EDITION STATEMENT
Edition statement 3rd ed.
260 ## - PUBLICATION, DISTRIBUTION, ETC.
Place of Publication USA;
Name of publisher, distributor, etc. CRC;
Date of publication, distribution, etc. 2020
300 ## - PHYSICAL DESCRIPTION
Pages 599p.
650 ## - SUBJECT ADDED ENTRY--TOPICAL TERM
Subject / Department Engineering
300 ## - PHYSICAL DESCRIPTION
-- ill;
-- 24cm.
952 ## - LOCATION AND ITEM INFORMATION (KOHA)
-- 0
-- 0
952 ## - LOCATION AND ITEM INFORMATION (KOHA)
-- 0
-- 0
Holdings
Lost status Damaged status Collection code Permanent Location Current Location Shelving Location Date acquired Full Call Number Accession No./Barcode Date last seen Copy number item type Koha item type
    Engineering Superior Information Resource Center (SIRC) Superior University- Main Campus Superior Information Resource Center (SIRC) Superior University- Main Campus Civil 10/08/2024 624.177 GUP-P 2020 29511 04/21/2025 1 BOOK BOOK
    Engineering Superior Information Resource Center (SIRC) Superior University- Main Campus Superior Information Resource Center (SIRC) Superior University- Main Campus Civil 10/08/2024 624.177 GUP-P 2020 29512 10/08/2024 2 BOOK BOOK

Powered by Koha